Encyclopedia of the history of Arabic science

Bibliographic Details
Main Author: Rashed, Roshdi (Author)
Format: Book
Published: London : Routledge , 1996
Subjects:

MARC

LEADER 00000cam a2200000 7i4500
001 0000006658
005 20071025093000.0
008 021119n
020 |a 0415020638 ,   |c (set) 
020 |a 0415124107 ,   |c (vol. 1) 
090 0 0 |a QA127.A5   |b .E53 1996 (j1-4) 
245 0 0 |a Encyclopedia of the history of Arabic science   |c edited by Roshdi Rashed 
260 2 |a London :   |b Routledge ,   |c 1996 
650 0 |a Science   |z Arab countries   |x History   |v Encyclopedias 
700 0 |a Rashed, Roshdi ,   |e author 
999 |a 1000061051   |b Book   |c Reference   |e Gong Badak Campus 
999 |a 1000061052   |b Book   |c Reference   |e Gong Badak Campus 
999 |a 1000061053   |b Book   |c Reference   |e Gong Badak Campus